|
|
|
|
| LEADER |
01015nam a2200265 a 4500 |
| 001 |
GR-Patra24409 |
| 008 |
080221s1987 gr g 000 0 eng d |
| 020 |
|
|
|a 0486446476
|
| 040 |
|
|
|a GrPaTEI
|b gre
|c GR-PaULI
|
| 040 |
|
|
|a GrPaTEI
|b gre
|c GR-PaULI
|
| 082 |
|
0 |
|a 536.7
|2 22
|
| 100 |
1 |
|
|a Lawden, D. F.
|
| 245 |
1 |
0 |
|a Principles of thermodynamics and statistical mechanics /
|c D. F. Lawden.
|
| 260 |
|
|
|a Mineola
|a New York :
|b Dover Publications,
|c c1987
|
| 300 |
|
|
|a xiii, 154 σ. :
|b εικ.
|
| 504 |
|
|
|a Includes bibliography: [p. 149] and index
|
| 650 |
|
0 |
|a Statistical mechanics
|
| 650 |
|
0 |
|a Thermodynamics
|
| 650 |
|
4 |
|a Θερμοδυναμική
|
| 650 |
|
4 |
|a Στατιστική μηχανική
|
| 710 |
0 |
|
|a Dover Publications
|
| 942 |
|
|
|2 ddc
|
| 952 |
|
|
|0 0
|1 0
|2 ddc
|4 0
|6 536_700000000000000_LAW
|7 0
|9 305222
|a LISK
|b LISK
|c BSC
|d 2021-01-17
|e 24
|f 0
|g 0.00
|l 0
|o 536.7 LAW
|p 92410036399
|r 2021-01-17 00:00:00
|t 1
|w 2021-01-17
|y BK15
|x 20080221 0 1
|x GrPaTEI
|
| 971 |
|
|
|a .b26719812
|b 15-04-20
|c 26-09-16
|
| 999 |
|
|
|c 176666
|d 176666
|